Semillas; biología y tecnología /
Guardado en:
| Autor Principal: | |
|---|---|
| Formato: | Libro |
| Publicado: |
Madrid :
Mundi Prensa,
1989
|
| Materias: | |
| Etiquetas: |
Agregar Etiqueta
Sin Etiquetas, Sea el primero en etiquetar este registro!
|
| LEADER | 00600nam a22002055a 4500 | ||
|---|---|---|---|
| 001 | CEM.cems016665 | ||
| 005 | 20091222165950.0 | ||
| 008 | 130507s1989##################000#0#####d | ||
| 003 | CEMS | ||
| 082 | 0 | 4 | |a 631.521 |
| 100 | 1 | |a Besnier Romero, Fernando | |
| 245 | 1 | 0 | |a Semillas; biología y tecnología / |c Fernando Besnier Romero, |
| 260 | |a Madrid : |b Mundi Prensa, |c 1989 | ||
| 300 | |a 637 p. | ||
| 653 | |a Floracion | ||
| 653 | |a Semilla | ||
| 653 | |a Semilla-producción | ||
| 653 | |a Semilla-siembra | ||
| 653 | |a Semilla-caracteristicas | ||
| 859 | |a CEMS |b BIB. CEMS - Agricultura |h 631.521 |i B464 |p A18727.95 |t Ej.1 | ||
